000 00718cam a2200217 4500
001 1256737
005 20241101101154.0
008 731030s1973 enk b 001 0 eng
020 _a9780905838014
050 0 0 _aK3165
_b.N83 1973
082 0 0 _a321.8/09172/4
100 1 _aNwabueze, B. O.
_q(Benjamin Obi)
245 1 0 _aConstitutionalism in the emergent states,
_cby B. O. Nwabueze; with a foreword by S. A. De Smith.
260 _aLondon,
_bC. Hurst,
_cc1973.
300 _axii, 316 pages.
_c23 cm.
500 _aIncludes index
650 0 _aConstitutional law
_zDeveloping countries.
650 0 _aNewly independent states
_xPolitics and government.
650 0 _aConstitutional law
_zNigeria.
942 _2lcc
_cBK
_n0
999 _c503
_d503